Statistics for Iran Football Team World Cup Starting XI

Click here to take the quiz!

General Stats

  • This quiz has been taken 161 times
    (138 since last reset)
  • The average score is 8 of 54

Answer Stats

Player% Correct
Mehdi Taremi
90%
Sardar Azmoun
66%
Alireza Beiranvand
40%
Ali Daei
36%
Ehsan Hajsafi
26%
Ehsan Hajsafi
26%
Jalal Hosseini
25%
Majid Hosseini
25%
Rahman Rezaei
25%
Javad Nekounam
22%
Mehdi Mahdavikia
21%
Milad Mohammadi
21%
Ramin Rezaeian
21%
Saeid Ezatolahi
20%
Ali Gholizadeh
18%
Alireza Haghighi
17%
Ashkan Dejagah
17%
Karim Ansarifard
17%
Omid Ebrahimi
17%
Ahmad Reza Abedzadeh
16%
Reza Ghoochannejad
16%
Morteza Pouraliganji
15%
Ahmad Nourollahi
14%
Khodadad Azizi
13%
Vahid Amiri
13%
Karim Bagheri
11%
Masoud Shojaei
11%
Hamid Estili
10%
Mehrdad Minavand
10%
Mehrdad Pooladi
10%
Vahid Hashemian
10%
Ebrahim Mirzapour
9%
Pejman Montazeri
9%
Yahya Golmohammadi
9%
Ali Parvin
8%
Andranik Teymourian
8%
Mohammad Nosrati
8%
Amir Hossein Sadeghi
7%
Hossein Kaebi
7%
Mohammad Sadeghi
7%
Andranik Eskandarian
6%
Javad Zarincheh
6%
Mehrzad Madanchi
6%
Mohammad Khakpour
6%
Nasser Hejazi
6%
Hossein Faraki
5%
Iraj Danaeifard
5%
Mehdi Pashazadeh
5%
Nader Mohammadkhani
5%
Ebrahim Ghasempour
3%
Ghafour Jahani
3%
Hassan Nazari
3%
Hossein Kazerani
3%
Nasrollah Abdollahi
3%

Score Distribution

Percentile by Number Answered

Percent of People with Each Score

Your Score History

You have not taken this quiz since the last reset